Statistiques concernant Paroles - Barbade - Lacrim

Cliquez ici pour prendre le quiz!

Statistiques générales

  • Ce quiz a été pris 41 fois
  • Le résultat moyen est 228 sur 407

Statistiques - réponses

Réponse% Correct
à
92%
la
89%
La
89%
le
89%
je
86%
Je
86%
de
84%
te
84%
vie
84%
les
81%
me
78%
viens
76%
allez
73%
Allez
73%
Barbade
73%
Des
70%
des
70%
en
70%
l'eau
70%
mon
70%
tu
70%
au
68%
bord
68%
ce
68%
et
68%
Ma
68%
ma
68%
pieds
68%
t'emmène
68%
toi
68%
c'est
65%
fait
65%
mes
65%
Pas
65%
pas
65%
problèmes
65%
Seychelles
65%
du
62%
grande
62%
mais
62%
Mais
62%
Plus
62%
plus
62%
sable
62%
sur
62%
moi
59%
vrai
59%
avec
57%
coeur
57%
fondre
57%
j'oublie
57%
kalash
57%
monde
57%
or
57%
peut
57%
t'as
57%
tiré
57%
toujours
57%
braqueuses
54%
dans
54%
dos
54%
J'ai
54%
j'ai
54%
t'es
54%
tes
54%
assez
51%
d'oseille
51%
l'as
51%
tour
51%
fin
49%
pris
49%
qu'on
49%
trop
49%
ferait
46%
l'gros
46%
lot
46%
tirer
46%
ça
43%
dis
43%
dit
43%
étant
43%
fesses
43%
fraiche
43%
ne
43%
que
43%
tout
43%
Un
43%
comme
41%
fini
41%
grosses
41%
J't'avais
41%
Non
41%
qui
41%
Une
41%
bon
38%
j'me
38%
lève
38%
on
38%
On
38%
plage
38%
potos
38%
pour
38%
Ton
38%
ton
38%
tôt
38%
y'a
38%
aux
35%
finit
35%
galère
35%
hélicoptère
35%
ils
35%
Ils
35%
lit
35%
photos
35%
Si
35%
si
35%
champagne
32%
commence
32%
déçois
32%
démoli
32%
diamants
32%
faire
32%
fraises
32%
jamais
32%
mer
32%
nous
32%
père
32%
prennent
32%
Rien
32%
seconde
32%
sont
32%
t'ai
32%
veux
32%
chez
30%
chtar
30%
demi
30%
dîne
30%
donné
30%
faux
30%
j'suis
30%
objet
30%
parano
30%
qu'les
30%
sait
30%
trucs
30%
airs
27%
beaucoup
27%
bientôt
27%
c'était
27%
chérie
27%
choisi
27%
confiance
27%
d'ennemis
27%
dis-le
27%
fois
27%
mis
27%
quoi
27%
régler
27%
s'revoit
27%
taquine
27%
t'ont
27%
fusil
24%
interrogations
24%
l'mal
24%
mieux
24%
m'ont
24%
perles
24%
petit
24%
doigt
22%
époux
22%
fans
22%
globe
22%
Habitues-toi
22%
j'te
22%
s'hiberne
22%
maîtresse
19%
n'te
19%
rue
19%
sourire
19%
casier
16%
répondre
16%
cher-la
14%
j'peux
14%
stress
14%
veux-tu
14%
qu't'aies
11%

Distribution des résultats

Percentile par nombre de réponses

% des personnes avec chaque résultat

Votre développement - résultats

Vous n’avez pas pris ce quiz